LISA - Moonlit Floor - Statistics

General Stats
  • This quiz has been taken 27 times
  • The average score is 204 of 286
Answer Stats
Answer % Correct
me
100%
boy
95%
floor
95%
kiss
95%
moonlit
95%
the
95%
french
89%
got
89%
green
89%
i
89%
so
89%
twilight
89%
under
89%
how
84%
paris
84%
you
84%
your
84%
eyed
79%
trippin'
79%
on
74%
that
74%
to
74%
always
68%
do
68%
kisses
68%
like
68%
lips
68%
say
68%
skin
68%
when
68%
all
63%
baby
63%
bonjour
63%
damn
63%
hear
63%
in
63%
is
63%
la
63%
out
63%
soft
63%
was
63%
accent
58%
know
58%
my
58%
oh
58%
those
58%
tongue
58%
tricks
58%
where
58%
bebe
53%
eyes
53%
just
53%
'cause
47%
check
47%
down
47%
heard
47%
hit
47%
it
47%
loud
47%
love
47%
mouth
47%
never
47%
body
42%
but
42%
fit
42%
i'ma
42%
name
42%
off
42%
ooh
42%
sky
42%
wasn't
42%
ah
37%
bag
37%
cute
37%
get
37%
need
37%
saw
37%
slips
37%
stats
37%
there
37%
before
32%
lace
32%
meet
32%
nobody
32%
right
32%
truth
32%
tryna
32%
whip
32%
boys
26%
caress
26%
back
21%
break
21%
flight
21%
fought
21%
them
21%
No matching quizzes found
Score Distribution
Percent of People with Each Score
Percentile by Number Answered
Your Score History
You have not taken this quiz